Mujer y salud comunitaria /

Saved in:
Bibliographic Details
Main Author: Velásquez, Magda Fca
Corporate Author: Universidad de San Carlos de Guatemala. Facultad de Ciencias Médicas
Other Authors: Castillo, María Antonieta, Castillo Rodas, Raúl, Sikahall, Minpt
Format: Text
Published: Guatemala: USCG
Tags: Add Tag
No Tags, Be the first to tag this record!

MARC

LEADER 00000 a a2200000 04500
001 23562
003
040
090 |a 164800  
100 |a Velásquez, Magda Fca  
110 |a Universidad de San Carlos de Guatemala. Facultad de Ciencias Médicas  
245 |a Mujer y salud comunitaria /  |c Velásquez, Magda Fca  
260 |a Guatemala:   |b USCG  
300 |a 20 p  
700 |a Castillo, María Antonieta  
700 |a Castillo Rodas, Raúl  
700 |a Sikahall, Minpt  
999 |c 16263  |d 16263